UK General Knowledge #1 - Statistics

General Stats
  • This quiz has been taken 4,220 times
    2,032 since last reset
  • The average score is 14 of 20
Answer Stats
Question Answer % Correct
How many times has London hosted the Olympics? 3 times
94%
Which internationally renowned band formed in Liverpool in 1960? The Beatles
92%
What is the home of the British Monarch? Buckingham Palace
90%
What is London's equivalent of a 'Subway'? London Underground
90%
What fictional character drives Aston Martin's and works for the MI6? James Bond
89%
Which famous poet wrote plays such as 'Hamlet' and 'Romeo and Juliet'? William Shakespeare
88%
The northernmost point of the UK is part of which country? Scotland
87%
Which British football team has won the UEFA Champions League the most times? Liverpool F.C.
82%
Which British town is closest to France? Dover
81%
Which city is home to the legendary tale of Robin Hood? Nottingham
81%
Who is the current British Prime Minister? Rishi Sunak
81%
Which country declared independence from British Empire in 1947? India
73%
What is the UK population (To the nearest million)? 68 Million
68%
In which UK city was the Titanic constructed? Belfast
67%
What is the longest river in the UK? River Severn
67%
What does BBC stand for? British Broadcasting Corporation
57%
In which year did the UK join the European Union? 1973
53%
In what century did the Romans invade Britain? 1st Century BCE
47%
What is the most South-Western city in England? Truro
32%
In what year did the Monarch's of England and Scotland merge? 1603
21%
No matching quizzes found
Score Distribution
Percent of People with Each Score
Percentile by Number Answered
Your Score History
You have not taken this quiz since the last reset